01005 2200421 4500001002100000008004100021035002000062245006300082100002500145260003300170300002000203082001100223650001900234990001400253990001400267990001400281990001400295990001400309990001400323990001400337990001400351990001400365990001400379990001400393990001400407990001400421990001400435990001400449990001400463990001400477990001400491990001300505990001300518990001300531990001300544990001300557990001300570INLIS000000000000633 ind  a0010-0322000633 aTERJEMAH TA ALIM AL MUTA ALLIM KAJIAN TENTANG AKHLAQcIKHA aIMAM BURHAN AL ISLAM aJAKARTAbCV MEGAH JAYAc2013 a52 hlm.c25 cm. a297.51 aAKHLAK - ISLAM a102804-10 a102804-29 a102804-28 a102804-27 a102804-26 a102804-25 a102804-12 a102804-13 a102804-14 a102804-22 a102804-11 a102804-21 a102804-20 a102804-19 a102804-18 a102804-17 a102804-16 a102804-15 a102804-7 a102804-6 a102804-5 a102804-4 a102804-3 a102804-2